[Event "Moscow op-B"]
[Site "Moscow"]
[Date "2009.02.03"]
[Round "4"]
[White "Pshekhotsky, Alexander"]
[Black "Cherny, Oleg"]
[Result "0-1"]
[WhiteElo "1400"]
[BlackElo "2043"]
[PlyCount "47"]
[EventDate "2009.01.31"]
[EventType "swiss"]
[EventRounds "9"]
[EventCountry "RUS"]
[SourceTitle "EXT 2012"]
[Source "ChessBase"]
[SourceDate "2011.11.24"]
[SourceVersion "1"]
[SourceVersionDate "2011.11.24"]
[SourceQuality "1"]

1. d4 d5 2. c4 e6 3. Nf3 Nf6 4. g3 Bb4+ 5. Nc3 0-0 6. Bg2 dxc4 7. 0-0 Nbd7 8. Bf4 Bxc3 9. bxc3 Nd5 10. Bd2 b5 11. e4 N5b6 12. Qc2 Bb7 13. Ng5 g6 14. Rab1 a6 15. e5 Bxg2 16. Kxg2 Kg7 17. h4 h6 18. Nh3 f5 19. exf6+ Nxf6 20. Nf4 Nfd5 21. Rbe1 Nxf4+ 22. Bxf4 g5 23. hxg5 hxg5 24. Rh1 0-1

[Event "Moscow op-B"]
[Site "Moscow"]
[Date "2009.02.01"]
[Round "2"]
[White "Pshekhotsky, Alexander"]
[Black "Lushnikov, Evgeny"]
[Result "1-0"]
[WhiteElo "1400"]
[BlackElo "1961"]
[PlyCount "145"]
[EventDate "2009.01.31"]
[EventType "swiss"]
[EventRounds "9"]
[EventCountry "RUS"]
[SourceTitle "EXT 2012"]
[Source "ChessBase"]
[SourceDate "2011.11.24"]
[SourceVersion "1"]
[SourceVersionDate "2011.11.24"]
[SourceQuality "1"]

1. d4 Nf6 2. Nf3 g6 3. c4 Bg7 4. Nc3 d6 5. g3 0-0 6. Bg2 c5 7. 0-0 Nbd7 8. e4 cxd4 9. Nxd4 Ne5 10. Qe2 Qc7 11. b3 a6 12. Bb2 Nc6 13. Nxc6 bxc6 14. h3 Nh5 15. Qe3 e5 16. c5 Be6 17. cxd6 Qxd6 18. Rfd1 Qe7 19. Na4 Rad8 20. Nc5 Nf4 21. Kh2 Nxg2 22. Kxg2 f5 23. Nd3 f4 24. Qc5 Qxc5 25. Nxc5 Bc8 26. gxf4 exf4 27. Bxg7 Kxg7 28. e5 Rde8 29. Re1 Rf5 30. Nd3 Be6 31. f3 Bd5 32. h4 Kh6 33. Kf2 Kg7 34. Rg1 Rd8 35. Rad1 Kf7 36. Rg5 Ke6 37. Rxf5 Kxf5 38. Nb4 Rd7 39. Nxa6 Ra7 40. Nb4 Kxe5 41. Rd2 Rb7 42. Nd3+ Kf5 43. Re2 h6 44. Ne5 g5 45. h5 Kf6 46. Ng4+ Kg7 47. Rc2 Rb6 48. Ne5 Bf7 49. Nxc6 Bxh5 50. Nd4 Bg6 51. Rd2 h5 52. a4 g4 53. a5 g3+ 54. Kg2 Ra6 55. b4 Bf7 56. Nf5+ Kf6 57. Rd6+ Rxd6 58. Nxd6 Bd5 59. Ne4+ Ke7 60. Nc3 Bb7 61. Ne2 Kd6 62. Nxf4 Kc6 63. Kxg3 Kb5 64. Nxh5 Kxb4 65. f4 Kxa5 66. f5 Bd5 67. Nf4 Bf7 68. Kg4 Kb6 69. Kg5 Bb3 70. Ne6 Bd5 71. Kf4 Kc6 72. Ke5 Bf3 73. Nd4+ 1-0